000 01640nam a2200481 a 4500
001 22993
003 SK-KTurca
005 20260513135240.0
008 160830s2007 xo ob g e 000 0dslo
015 _aSNBA2008/11-05191
020 _a9788089144891 (viaz. : 9. zv.)
020 _a9788089144808 (súbor)
035 _a68C77EA1-2B4E-4ACD-9152-DB6CF23FF5A1
035 _aurn:nbn:sk:snk-amjvgc
035 _aurn:nbn:sk:snk-am00842s
040 _aSNK
_bslo
_cSNK
_eAACR2
041 1 _aslo
_hger
044 _axo
_cSK
072 7 _a94(100)
_xSvetové dejiny
_2konspekt
080 _a94(100)
_22011
080 _a(048.8)
_22011
080 _a(031)
_22011
130 0 _aChronik des 20. Jahrhunderts
_lSlovensky
245 1 0 _aKronika 20. storočia
_n9
_p1980-1989
_c[z nemeckého originálu ... preložili, doplnili a upravili Ladislav Deák ... [et al.] ; slovenské vydanie zostavila Edita Ivaničková]
246 3 0 _a1980-1989
250 _a[2. slov. vyd.]
260 _a[Bratislava]
_bFortuna Libri
_b[Petit Press]
_c2007
300 _aS. 1158-1326
_bfotogr., mp.
_c30 cm
490 1 _aEdícia denníka SME
500 _aMiesto vyd. podľa ISBN
648 7 _a1980-1989
_2SNKPH
650 0 7 _asvetové dejiny
_2SNKPH
650 0 7 _aWorld history
_2SNKPHeng
655 7 _achronologické prehľady
_2SNKPH
655 7 _aencyklopédie
_2SNKPH
655 7 _aEncyclopedias
_2SNKPHeng
700 1 _aDeák, Ladislav,
_d1931-2011
_4trl
700 1 _aIvaničková, Edita,
_d1948-
_4com
830 0 _aEdícia denníka SME
942 _2ddc
_cOLDO
_n0
980 _a94(100)
999 _c22993
_d22993